000 00692nam a2200241Ia 4500
003 OSt
005 20220918200628.0
006 a|||||r|||| 00| 0
007 ta
008 220917b |||||||| |||| 00| 0 eng d
024 _a89,619
037 _cTextual
040 _aARTS
_cARTS
_beng
041 _2eng
_aeng
082 _aU287, K3
100 _aSchwarzbach Martin
_994929
245 0 _aClimates of the past
_b an introduction to paleoclimatology tr and ed by Richard O Muir
260 _c1963
490 _aUniversity series in geology ed by Rhodes W Fairbridge
650 _aGEOGRAPHY
942 _hU287, K3
_cTEXL
_2CC
999 _c213289
_d213289